Statistics for SAT Words Click Quiz - I

Click here to take the quiz!

General Stats

  • This quiz has been taken 275 times
  • The average score is 11 of 15

Answer Stats

HintAnswer% Correct
FlawlessImpeccable
92%
Interrupt; insertInterject
91%
ProhibitedIllicit
90%
Provoke, inciteInstigate
89%
Engross; deeply involveImmerse
88%
Indirectly suggest; implyInsinuate
88%
NotorietyInfamy
86%
Flood, overwhelmInundate
82%
UnchangingImmutable
76%
LazyIndolent
71%
Senseless, foolishInane
68%
Disrespect, impietyIrreverence
64%
Poor, needyIndigent
61%
DishonorableIgnominious
52%
Habituate to something detrimentalInure
51%

Score Distribution

Percentile by Number Answered

Percent of People with Each Score

Your Score History

You have not taken this quiz